000 00298nam a2200121Ia 4500
008 191201s2009 xx 000 0 und d
100 _aCHANDER, J.S.
245 0 _aOrganizational Behavior MBA 2.26 DE SEM.2
260 _aN. Delhi
_bVikas Pub
_c2009
300 _a296
650 _aMBA
942 _2ddc
_cBK
999 _c282
_d282